000 00575nam a2200181Ia 4500
005 20250923145149.0
008 008 250917s9999 xx 000 0 eng d
037 _aTextual
040 _aDSWL
_beng
_cDSWL
041 _aeng
_2eng
084 _aY:45:61oaW.2, N69
_qDSWL
100 _aBayley, David H.
_9832421
245 0 _aPolice and political development in India
_cby David H. Bayley
260 _aNew York
_bJersey Princeton University Press
_c1969
300 _a42,98p.
942 _cTEXL
_hY:45:61oaW.2, N69
999 _c1447926
_d1447926